000 00290nam a22001337a 4500
008 181024b xxu||||| |||| 00| 0 eng d
020 _a1563632926
041 _aeng
080 _a610
100 _a4
101 _aSHM
245 _aPDR FOR Herbal Medicine
_cJoerg,G
942 _2udc
_cBK
999 _c50829
_d50829